MARC

LEADER 00000nam0a2200000 4500
001 373520
005 20231102012555.0
035 |a (RuTPU)RU\TPU\retro\30950 
035 |a RU\TPU\book\271934 
090 |a 373520 
100 |a 20221216d1914 m y0rusy50 ca 
101 0 |a rus 
102 |a RU 
105 |a abf z 000zy 
200 1 |a Геологические исследования в области Перевальной железной дороги через Главный Кавказский Хребет  |f Д. С. Белянкин [и др.] 
210 |a Санкт-Петербург  |c Издание Управления по Сооружению Железных Дорог  |d 1914 
215 |a VII, [324] с.  |c ил., карты 
317 |5 63413507: 179870  |a Поступила в НТБ в 1940 г. в составе книжного собрания академика М. А. Усова. 
610 1 |a геологические исследования 
610 1 |a геологические изыскания 
610 1 |a геологическая разведка 
610 1 |a Кавказ 
610 1 |a петрографические исследования 
610 1 |a полезные ископаемые 
610 1 |a библиотека М. А. Усова 
675 |a 55  |v 3 
701 1 |a Белянкин  |b Д. С.  |c академик АН СССР  |c геолог  |c минералог  |c петрограф  |c физикохимик  |f 1876-1953  |g Дмитрий Степанович  |2 stltpush  |3 (RuTPU)RU\TPU\pers\22056  |9 9337 
701 1 |a Карк  |b И. М. 
701 1 |a Ренгартен  |b В. П. 
701 1 |a Левинсон-Лессинг  |b Ф. Ю.  |c геолог и петрограф  |c академик АН СССР (с 1925)  |c директор Почвенного института АН СССР (1926-1929)  |c директор Петрографического института АН СССР (1930-1937)  |f 1861-1939  |g Франц Юльевич  |2 stltpush  |3 (RuTPU)RU\TPU\pers\21902  |9 9239 
701 1 |a Рябинин  |b А. Н.  |c профессор палеонтологии Московской горной академии (1918-1922)  |c директор Геологического комитета (1919-1923)  |f 1874-1942  |g Анатолий Николаевич  |2 stltpush  |3 (RuTPU)RU\TPU\pers\23732  |9 10413 
701 1 |a Смирнов  |b Г. М. 
801 1 |a RU  |b 63413507  |c 20140207 
801 2 |a RU  |b 63413507  |c 20221216  |g RCR 
942 |c BK